América latina moderna?: globalización e identidad
Saved in:
| Hovedforfatter: | |
|---|---|
| Format: | Bog |
| Sprog: | spansk |
| Udgivet: |
Santiago
LOM
2011
|
| Udgivelse: | 2a. ed |
| Serier: | Colección Ciencias Humanas
|
| Fag: | |
| Tags: |
Tilføj Tag
Ingen Tags, Vær først til at tagge denne postø!
|
MARC
| LEADER | 00000cam a2200000 a 4500 | ||
|---|---|---|---|
| 001 | UCF7490 | ||
| 003 | CL-VaPUC | ||
| 008 | 130627e20110000CL |||||||||||||||||spa|d | ||
| 020 | |a 9789560002501 | ||
| 082 | 0 | 4 | |a 303.44 |b LAR |2 21 |
| 100 | |a Larraín Ibáñez, Jorge |e author |9 601100 | ||
| 245 | 1 | 0 | |a América latina moderna?: globalización e identidad |
| 250 | |a 2a. ed | ||
| 300 | |a 159 p | ||
| 942 | |c BK | ||
| 945 | |d 20130627 00:00:00 |a cmena | ||
| 260 | |a Santiago |b LOM |c 2011 | ||
| 650 | 0 | |a Cambio social |9 256857 | |
| 650 | 0 | |a Globalización |9 361930 | |
| 650 | 0 | |a Identidad cultural |9 319131 | |
| 650 | 7 | |a MODERNIZACION |2 CL-VaPUC |9 335311 | |
| 651 | 0 | |a América Latina |9 255027 | |
| 583 | |a last modification |c 20130627 13:18:00 |k Rodrigo Vera | ||
| 490 | 0 | |a Colección Ciencias Humanas | |
| 999 | |c 352313 |d 352311 | ||